| 000 -LEADER |
| fixed length control field |
02192cam a2200289 a 4500 |
| 020 ## - INTERNATIONAL STANDARD BOOK NUMBER |
| International Standard Book Number |
0470721448 (pbk.) |
| 020 ## - INTERNATIONAL STANDARD BOOK NUMBER |
| International Standard Book Number |
9780470721445 (pbk.) |
| 082 ## - DEWEY DECIMAL CLASSIFICATION NUMBER |
| Classification number |
621.3678 |
| Author Mark |
MAG |
| -- |
NUST |
| 100 ## - MAIN ENTRY--PERSONAL NAME |
| Personal name |
Maguire. David J. |
| 9 (RLIN) |
36273 |
| 245 00 - TITLE STATEMENT |
| Title |
Geographic information systems & science / |
| Statement of responsibility, etc. |
Paul A. Longley ... [et al.]. |
| 250 ## - EDITION STATEMENT |
| Edition statement |
3rd ed. |
| 260 ## - PUBLICATION, DISTRIBUTION, ETC. |
| Place of publication, distribution, etc. |
Hoboken, NJ : |
| Name of publisher, distributor, etc. |
Wiley, |
| Date of publication, distribution, etc. |
c2011. |
| 300 ## - PHYSICAL DESCRIPTION |
| Extent |
xix, 539 p. : |
| Other physical details |
ill. (chiefly col.), col. maps ; |
| Dimensions |
28 cm. |
| 505 0# - FORMATTED CONTENTS NOTE |
| Formatted contents note |
Systems, science, and study -- A gallery of applications -- Representing geography -- The nature of geographic data -- Georeferencing -- Uncertainty -- GIS software -- Geographic data modeling -- GIS data collection -- Creating and maintaining geographic databases -- The GeoWeb -- Cartography and map production -- Geovisualization -- Spatial data analysis -- Spatial analysis and inference -- Spatial modeling with GIS -- Managing GIS -- Operating safely with GIS -- GIS partnerships -- Epilogue: GIS&S in the service of humanity. |
| 520 ## - SUMMARY, ETC. |
| Summary, etc. |
Effective use of today's powerful GIS technology requires an understanding of the science of problemsolving that underpins it. -- |
| 520 ## - SUMMARY, ETC. |
| Summary, etc. |
Since the first edition was published a decade ago, this book has led the way, with its focus on the scientific principles that underpin GIS usage. It has also Provided through, up-to-date coverage of GIS Procedures, techniques and Public Policy applications. This unique combination of science, technology and practical problem solving has made this book a bestseller across a broad spectrum of disciplines. -- |
| 520 ## - SUMMARY, ETC. |
| Summary, etc. |
This fully updated 3rd edition continues to deliver on these strengths. --Book Jacket. |
| 526 ## - STUDY PROGRAM INFORMATION NOTE |
| Program name |
0 |
| Interest level |
0 |
| Reading level |
0 |
| Title point value |
621_367800000000000_MAG |
| 650 #0 - SUBJECT ADDED ENTRY--TOPICAL TERM |
| Topical term or geographic name entry element |
Geographic information systems. |
| 9 (RLIN) |
6117 |
| 650 #6 - SUBJECT ADDED ENTRY--TOPICAL TERM |
| Topical term or geographic name entry element |
Résolution de problème. |
| 9 (RLIN) |
36274 |
| 650 #6 - SUBJECT ADDED ENTRY--TOPICAL TERM |
| Topical term or geographic name entry element |
Systèmes d'information géographique. |
| 9 (RLIN) |
36275 |
| 650 07 - SUBJECT ADDED ENTRY--TOPICAL TERM |
| Topical term or geographic name entry element |
Geoinformationssystem. |
| 9 (RLIN) |
36276 |
| 650 07 - SUBJECT ADDED ENTRY--TOPICAL TERM |
| Topical term or geographic name entry element |
Geoinformationssystem. |
| Topical term following geographic name entry element |
NUST |
| 9 (RLIN) |
36277 |
| 700 1# - ADDED ENTRY--PERSONAL NAME |
| Personal name |
Longley, Paul. |
| 9 (RLIN) |
36278 |
| 856 ## - ELECTRONIC LOCATION AND ACCESS |
| Uniform Resource Identifier |
<a href="http://bvbr.bib-bvb.de:8991/F?func=service&doc_library=BVB01&doc_number=018984573&line_number=0001&func_code=DB_RECORDS&service_type=MEDIA">http://bvbr.bib-bvb.de:8991/F?func=service&doc_library=BVB01&doc_number=018984573&line_number=0001&func_code=DB_RECORDS&service_type=MEDIA</a> |
| 942 ## - ADDED ENTRY ELEMENTS (KOHA) |
| Source of classification or shelving scheme |
|
| Koha item type |
Book |